| 000 | 00584nam a2200205Ia 4500 | ||
|---|---|---|---|
| 003 | GCL | ||
| 008 | 140319s9999 xx 000 0 ara d | ||
| 040 |
_aGCL / _cGCL |
||
| 082 | 0 | 4 |
_a813.02 _bح ك |
| 100 | 1 | _aحسينة شعبان | |
| 245 | 1 | 0 |
_aكيف انسى وقصص اخرى (هدية من الاديب عبدالفتاح الجمل) / _cحسينة شعبان |
| 300 | _a109 ص | ||
| 490 | _a | ||
| 650 | 0 | 4 | _aالادب العربى |
| 650 | 0 | 4 | _aالادب |
| 650 | 0 | 4 | _aالقصص |
| 650 | 0 | 4 | _aالقصة العربية |
| 650 | 0 | 4 | _aالرواة |
| 942 |
_2ddc _cBK |
||
| 999 |
_c40664 _d40664 |
||